|
|
|
|
| LEADER |
00000nam2a2200000 4500 |
| 001 |
346199 |
| 005 |
20231102005847.0 |
| 035 |
|
|
|a (RuTPU)RU\TPU\book\378079
|
| 035 |
|
|
|a RU\TPU\retro\17946
|
| 090 |
|
|
|a 346199
|
| 100 |
|
|
|a 20210713d1973 km y0rusy50 ca
|
| 101 |
0 |
|
|a rus
|
| 102 |
|
|
|a RU
|
| 105 |
|
|
|a a g 001zy
|
| 200 |
0 |
|
|a Т. 1 : Стеклообразный кремнезем и двухкомпонентные силикатные системы
|f отв. ред. В. К. Леко, С. В. Немилова
|
| 210 |
|
|
|d 1973
|
| 215 |
|
|
|a 444 с.
|c ил.
|
| 320 |
|
|
|a Библиогр.: с. 427-441
|
| 320 |
|
|
|a Предм. указ.: с. 442-443
|
| 461 |
|
1 |
|0 (RuTPU)RU\TPU\book\101256
|t Свойства стекол и стеклообразующих расплавов
|o справочник: в 4 т.
|f О. В. Мазурин, М. В. Стрельцина, Т. П. Швайко-Швайковская
|v Т. 1 : Стеклообразный кремнезем и двухкомпонентные силикатные системы
|d 1973-1987
|
| 606 |
1 |
|
|a Силикатные системы
|x Физико-химические исследования при высоких темпертурах
|2 stltpush
|3 (RuTPU)RU\TPU\subj\34456
|9 56400
|
| 610 |
1 |
|
|a стеклообразующие системы
|
| 610 |
1 |
|
|a стеклообразующие расплавы
|
| 610 |
1 |
|
|a стеклообразные силикаты
|
| 610 |
1 |
|
|a стеклообразный кремнезем
|
| 610 |
1 |
|
|a справочники
|
| 610 |
1 |
|
|a двухкомпонентные системы
|
| 610 |
1 |
|
|a кристаллизация
|
| 610 |
1 |
|
|a аморфные пленки
|
| 675 |
|
|
|a 666
|v 4
|
| 702 |
|
1 |
|a Леко
|b В. К.
|4 340
|
| 702 |
|
1 |
|a Немилов
|4 340
|
| 801 |
|
1 |
|a RU
|b 63413507
|c 20210420
|
| 801 |
|
2 |
|a RU
|b 63413507
|c 20211005
|g RCR
|
| 942 |
|
|
|c BK
|